000 00232nam a2200097Ia 4500
001 682924
005 20250826161428.0
008 250824s9999 xx 000 0 und d
245 0 _aMİHMANDAR
_cİSKENDER PALA
260 _bKAPI YAYINLARI
999 _c682924
_d682924